000 00864nam a22002897a 4500
003 CHAP
005 20220329140537.0
008 971013s1976 r 00010 d
010 _a53663
011 _a54635
035 _a58786
040 _cCHAP
090 _aFolleto 6184
100 0 0 _aWheeler, B. E. J.
_9121631
245 _aDisease in crops
260 _aLondon :
_bEdward Arnold,
_c1976
300 _a59 p.
_b: ilus. ; gráfs.
490 _aStudies in biology
_v; 64
590 _aBATCH-UPD
_b10
_c20130110
_lUCH01
_h0521
590 _aCONVERSION
_b10
_c20130109
_lUCH01
_h1329
650 1 4 _aCultivos
_xEnfermedades.
_930262
830 0 _aStudies in biology
_v; 64
_9110061
901 _aBK
942 _cFOLL
949 _aFolleto 6184
_bBC
_cFOLL
_d-127413
_eTS1
_i58786
_si
_t110.00
949 _aFolleto 6184
_bBC
_cFOLL
_d-127414
_eTS2
_fc.2
_i58786
_si
_t110.00
999 _c53663
_d53663